000 00333nam a2200121Ia 4500
008 220217s9999||||xx |||||||||||||| ||und||
082 _a510 ALP
100 _aAlpha, Chiang, C
_93251
245 0 _aFundamentals of mathodes of mathematical
260 _aTata Mcgraw hill
_bNew York
_c1984
300 _b338
650 _aMATHEMATICS
999 _c171251
_d171251